| 000 | 00507nam a22001817a 4500 | ||
|---|---|---|---|
| 003 | BD-DhUL | ||
| 005 | 20180905145357.0 | ||
| 008 | 180905s2001 ua ||||| |||| 00| 0 ara d | ||
| 040 |
_aBD-DhUL _cBD-DhUL |
||
| 082 |
_a892.72 _bMAF |
||
| 100 | 1 | _aمحفوظ، نجیب | |
| 245 | 1 |
_aفتوۃ العوطوف / _cنجیب محفوظ |
|
| 260 |
_aمصر : _bمکتبۃ مصر، _c۲۰۰۱۔ |
||
| 300 |
_aص۔ ۱۱۱ ؛ _c۲۰ سم۔ |
||
| 365 |
_aBDT _b375.00 |
||
| 650 | 4 | _aArabic drama | |
| 942 |
_2ddc _cBK |
||
| 999 |
_c243288 _d243288 |
||